000 00287nam a22001337a 4500
008 170527b xxu||||| |||| 00| 0 eng d
020 _a0412141604
041 _aeng
080 _a621.38
100 _a27
101 _aIM
245 _aPOWER ELECTRONICS
_cRAMSHAW R.S
942 _2udc
_cBK
999 _c14634
_d14634